000
00310 a2200145 4500
001
177515
020
_a
040
_c
Magnum
100
_a
Pontes, Hildebrando
240
1
0
_a
Traca que traca traca
_l
por
245
1
0
_a
Traca que traca traca
362
0
_a
1899
697
_a
MAGNITO: IJ/ANIMAIS
942
_c
BK
999
_c
177515
_d
177515